00799nam a2200217 a 450000100060000000300080000600500170001400800410003103500190007204000270009104100080011808200260012610000290015224501870018126000440036830000210041250400410043365100450047465100300051970000320054964462BD-RjUL20211209081319.0170215s1974 ii b 000 0 eng d a(BD-RjUL)64592 aPULbengcPULdBD-RjUL aeng 223a954.142bLOC 19741 aLong, James,d1814-1887,10aCalcutta and its neighbourhood :bhistory of people and localities from 1690 to 1857 /cby James Long ; edited with an introduction and bio-bibliographical notes by Sankar Sen Gupta. aCalcutta :bIndian Publications,c1974. a215 p. ;c22 cm. aIncludes bibliographical references. 0aKolkata (India)xDescription and travel. 0aKolkata (India)xHistory.1 aSen Gupta, Sankar,eeditor.